Statistics for Music: Spice Girls facts

Click here to take the quiz!

General Stats

  • This quiz has been taken 175 times
  • The average score is 17 of 69

Answer Stats

HintAnswer% Correct
How many members?5
100%
Genre?Pop
98%
In which year did they begin?1994
94%
In which Uk city did they begin?London
88%
What was the name of their debut single?Wannabe
86%
When was their debut single released?1996
80%
What was the name of their debut album?Spice
79%
What is their movie called?Spice World
74%
What iconic item of clothing featuring a union jack did Ginger spice wear?Dress
66%
What was the name of their follow up album?Spiceworld
65%
In what year did their reunion tour begin?2007
64%
Which record label first signed them?Virgin Records
37%
Who left the group in 1998?Geri Halliwell
34%
Which member of the royal family got kisses from Mel B and Geri Halliwell at their first Brit live show?Prince Charles
32%
Who is their manager?Simon Fuller
32%
In how many countries did their debut single hit number one?37
31%
How many Brit awards did they win in 1997?2
29%
Which year did they reunite?2007
28%
What was the name of their first christmas number one?2 become 1
27%
When was their debut single released in the USA?1997
26%
Who auditioned with "Mein Herr"?Victoria Adams
26%
Which year did the band sign with their manager?1995
25%
How many weeks did their single "Say you'll be there" stay at number one?2
25%
Which year did the band break from the music scene2000
25%
How many weeks did their debut single stay number one for?7
25%
Who auditioned with "Greatest love of all"?Melanie Brown
25%
How many number ones did they have in the UK?9
21%
Who auditioned with "I wanna be a Nightclub queen"Geri Halliwell
20%
Who auditioned with "I'm so excited"?Melanie Chisholm
20%
How many million copies did the folloe up album sell worldwide?20
18%
In 1996 how many trophies did the band win at the Smash hits awards3
18%
how many awards did the group win at the Billboard Music Awards in 1997?4
18%
Which was their only track not to hit number one in Britain?Stop
18%
How many million copies did their debut album sell worldwide30
17%
In 1998 how many awards did the band win at American Music Awards?3
16%
What was the name of their second christmas number one?Too Much
16%
Which magazine gave the group their iconic alliases?Top of the Pops
16%
How many awards did the group win at the MTV Europe Music Awards in 19982
15%
What was the name of their third christmas number one?Goodbye
14%
What was the name of their Children in need single in 2007?Headlines
14%
Which supermarket chain did the band liscence their name and image to?Tesco
14%
What name was the group given after their auditions?Touch
12%
What was the name of the Spice girls inspired stage show?Viva Forever!
12%
How many records worldwide have they sold (millions)?85
11%
Who auditioned with "Don't be a stranger" but was only a member of the band briefly?Michelle Stephenson
8%
Which notable person described the group as his "Heroes"?Nelson Mandela
8%
Which magazine posted the ad looking for the group who'd later become the Spice Girls?The Stage
8%
Where was their first live major concert?Turkey
8%
How many languages was their first book translated into?20
7%
How many women applied for the band?400
5%
In which city did their Spiceworld tour begin?Dublin
5%
Whcih song written by Tim Hawes gave the group their iconic name?Sugar and Spice
5%
What caused Geri Halliwell to miss the auditions?Sunburn
5%
Who developed a video game of the Spice girls in1997?Playstation
4%
How many millions of dollars do they earn a year?75
3%
How many sponsorship deals did the group have?20
2%
how many thousand copies did their book sell in the first week?200
1%
How many thousand fans showed up at their first live major concert?40
1%
Who directed their film Spiceworld?Bob Spiers
1%
What was the name of their first book?Girl power
1%
Whcih management did the group begin with?Heart management
1%
What was the nationality of the director of their debut single?Swedish
1%
Which channel Trial aired the video for their debut single?The box
1%
how many thousand copies did their first christmas single sell in the first week430
0%
What was the name of their fragrence?Impulse Spice
0%
Where did their first press interview appear?Music Week
0%
What award did the group win at the 1998 BRIT Awards?Overseas success
0%
Who did the group conduct their first interview with?Paul Gorman
0%
What was their first live TV slot broadcast?Suprise Suprise
0%

Score Distribution

Percentile by Number Answered

Percent of People with Each Score

Your Score History

You have not taken this quiz